000 00339nam a2200133Ia 4500
008 191201s2005 xx 000 0 und d
082 _a621.3815
_bVIT
100 _aVISWANATHAN, T
245 0 _aTelecommunication Switching Systems and Networks
260 _aN.Delhi
_bPHI
_c2005
300 _a583
650 _aB.Tech(ECE)
942 _2ddc
_cBK
999 _c1525
_d1525